Countries and Capitals of Africa - Statistics

General Stats
  • This quiz has been taken 717 times
    708 since last reset
  • The average score is 84 of 110
Answer Stats
Answer % Correct
Algeria
94%
South Africa
93%
South Sudan
91%
Sudan
91%
Algiers
90%
Egypt
90%
Guinea
90%
Niger
90%
Benin
89%
Senegal
89%
Zambia
89%
Zimbabwe
89%
Angola
88%
Cairo
88%
Djibouti
88%
D.R. Congo
88%
Nigeria
88%
Tunis
88%
Botswana
87%
Kenya
87%
Rep. of Congo
87%
Togo
87%
Uganda
87%
Chad
86%
Eritrea
86%
Ethiopia
86%
Morocco
86%
Somalia
86%
Tanzania
86%
Tunisia
86%
Burundi
85%
Gambia
85%
Guinea-Bissau
85%
Libya
85%
Mali
85%
Rwanda
85%
Cameroon
84%
Mauritania
84%
Mauritius
84%
Namibia
84%
Seychelles
84%
Burkina Faso
83%
Comoros
83%
Gabon
83%
Ghana
83%
Lesotho
83%
Malawi
83%
Cape Town
82%
C.A.R.
82%
Cote d'Ivoire
82%
Rabat
82%
Sierra Leone
82%
Equatorial Guinea
81%
Liberia
81%
Madagascar
81%
Mozambique
81%
Nairobi
81%
Addis Ababa
78%
Cape Verde
78%
Tripoli
78%
Luanda
77%
Bissau
76%
Khartoum
76%
São Tomé
76%
São Tomé & Príncipe
76%
Dakar
75%
Harare
75%
Mogadishu
75%
Pretoria
74%
Abuja
73%
Free Town
73%
Juba
73%
Kampala
73%
Kinshasa
73%
Accra
72%
Brazzaville
72%
Windhoek
71%
Kigali
70%
Victoria
70%
Lusaka
68%
Monrovia
67%
Swaziland
67%
Antananarivo
66%
Lome
66%
Port Louis
66%
Asmara
65%
Conakry
65%
Dodoma
65%
Libreville
65%
Maputo
65%
Niamey
65%
Ouagadougou
65%
Gaborone
64%
Lilongwe
64%
Moroni
64%
Porto-Novo
64%
Praia
63%
Banjul
62%
Yaoundé
62%
Mbabane
60%
N'Djamena
60%
Bamako
59%
Maseru
58%
Bangui
57%
Bloemfontein
56%
Yamoussoukro
54%
Nouakchott
51%
Malabo
49%
Cotonou
37%
Bujumbura
27%
No matching quizzes found
Score Distribution
Percent of People with Each Score
Percentile by Number Answered
Your Score History
You have not taken this quiz since the last reset